AU LIBRARIES
Centralized Library System Across Seven Campuses

The Elements Of Style (Record no. 47415)

MARC details
000 -LEADER
fixed length control field 00371nam a2200157 4500
005 - DATE AND TIME OF LATEST TRANSACTION
control field 20260519131057.0
008 - FIXED-LENGTH DATA ELEMENTS--GENERAL INFORMATION
fixed length control field 260428b |||||||| |||| 00| 0 eng d
020 ## - INTERNATIONAL STANDARD BOOK NUMBER
ISBN 9780205309023
082 ## - DEWEY DECIMAL CLASSIFICATION NUMBER
Classification number 808.042
Author Mark STR-T
100 ## - MAIN ENTRY--AUTHOR
Author Name Strunk Oliver
245 ## - TITLE STATEMENT
Title The Elements Of Style
260 ## - PUBLICATION, DISTRIBUTION, ETC.
Place of Publication New York
Name of publisher, distributor, etc. Macmillan
300 ## - PHYSICAL DESCRIPTION
Pages 109p
650 ## - SUBJECT ADDED ENTRY--TOPICAL TERM
Subject / Department English
942 ## - ADDED ENTRY ELEMENTS (KOHA)
Koha item type Book
Holdings
Withdrawn status Lost status Damaged status Not for loan Collection code Permanent Location Current Location Shelving Location Date acquired Source of acquisition Inventory number Total Checkouts Full Call Number Accession No./Barcode Date last seen Koha item type
        English Air University H-11 Campus Islamabad Air University H-11 Campus Islamabad English Literature 04/27/2026 Ali Book Services AUH11-01   808.042 STR-T AUHEP0037 04/28/2026 Book
Air University Sector E-9, Islamabad Pakistan
Email: librarian@au.edu.pk  Tel : +0092 51 9262612 Ext: 631